000 00807nam a22001937a 4500
999 _c371736
_d371736
008 201127b ||||| |||| 00| 0 eng d
040 _aDE-2950
_bger
_cDE-2950
_erda
041 _ager
245 _aStadtverkehrsgesellschaft testet elektrischen Bus.
_bÖPNV in Frankfurt (Oder) fährt 14 Tage lang ein reines Elektro-Fahrzeug. Die höheren Kosten für Anschaffung könnten sich in der aktuellen Situation rechnen /
_cPhilipp Stepputtis
264 _c2022
653 _aFrankfurt (Oder)
653 _aStadtverkehrsgesellschaft
653 _aNahverkehr
773 _dFrankfurt (Oder) Märkisches Verlags- und Druckhaus GmbH & Co KG
_tMärkische Oderzeitung
_g33. Jahrgang (2022) Nr. 157 vom 08.07.2022, S. 13 : Foto
942 _cA